[Event "ch-ROM"]
[Site "Predeal ROM"]
[Date "2006.12.06"]
[Round "10"]
[White "Moldovan,D"]
[Black "Itkis,B"]
[Result "1/2-1/2"]
[WhiteElo "2450"]
[BlackElo "2447"]

1.e4 c5 2.Nf3 d6 3.d4 cxd4 4.Nxd4 Nf6 5.Nc3 a6 6.Be3 e6 7.g4 h6 8.Bg2 Qc7
9.h4 h5 10.gxh5 Nxh5 11.Qd2 Bd7 12.O-O-O Nc6 13.Nf5 exf5 14.Nd5 Qc8 15.exf5 Bxf5
16.Rhe1 Be6 17.Bg5 Nf6 18.Nb6 Qd8 19.Nxa8 Qxa8 20.f4 Kd7 21.Qe3 Kc7 22.Kb1 Qa7
23.Qd3 Qc5 24.Bxc6 Kxc6 25.Qf3+ Kb6 26.f5 Qxf5 27.Qc3 Ka7 28.Qc7 Ng4 29.Rd4 Qc5
30.Qxc5+ dxc5 31.Rd8 g6 32.Be7 Bxe7 33.Rxh8 Kb6 34.Re8 Bf6 35.R8xe6+ fxe6
36.Rxe6+ Kc7 37.c3 Kd7 38.Rb6 Bxh4 39.Rxg6 Ne5 40.Rh6 Be7 41.Kc2 Bd6 42.Rh7+ Kc6
43.Rh6 b5 44.Rh8 a5 45.a3 a4 46.Rh6 Nc4 47.Rh5 Be5 48.Rg5 Kd5 49.Rh5 Ke4
50.Rh4+ Bf4 51.Rh5 Ne3+ 52.Kb1 Be5 53.Rh7 Kd3 54.Rb7 Nc4 55.Rh7 b4 56.axb4 cxb4
57.cxb4 Nxb2  1/2-1/2

[Event "Polyarniy Krug"]
[Site "Salekhard RUS"]
[Date "2006.12.06"]
[Round "8"]
[White "Gutenev,A"]
[Black "Rozhkov,Ve"]
[Result "0-1"]
[WhiteElo "2256"]
[BlackElo "2287"]

1.e4 c5 2.Nf3 d6 3.d4 cxd4 4.Nxd4 Nf6 5.Nc3 a6 6.Be3 e6 7.g4 e5 8.Nf5 h5
9.g5 Nxe4 10.Nxe4 Bxf5 11.Qd5 Nc6 12.O-O-O Nb4 13.Nxd6+ Bxd6 14.Qxd6 Nxa2+
15.Kb1 Qxd6 16.Rxd6 Nb4 17.Bd3 Nxd3 18.cxd3 Rd8 19.Rxd8+ Kxd8 20.Rd1 Ke7
21.Ka2 Rd8 22.d4 Rd5 23.Rd2 Be6 24.Ka3 Ra5+ 25.Kb4 Rb5+ 26.Kc3 e4 27.Rd1 a5
28.Ra1 b6 29.Ra3 g6 30.Kc2 Bc4 31.Rc3 Bd3+ 32.Kc1 Kd7 33.Bf4 Rf5 34.Be3 a4
35.Kd2 h4 36.Ra3 b5 37.Rc3 Bc4 38.Ke1 Rf3 39.Bd2 Rxc3 40.Bxc3 Ke6 41.d5+ Kxd5
42.Kd2 Ke6 43.Ke3 Kf5 44.Bf6 Bd5 45.h3 Bc4 46.f3 exf3 47.Kxf3 Bf1 48.Be7 Bxh3
49.Ke3 Bf1 50.Kf3 Bc4 51.Bf6 Bd5+ 52.Kf2 b4 53.Be7 a3 54.bxa3 bxa3 55.Bxa3 Kxg5
56.Be7+ Kg4 57.Bf6 h3 58.Kg1 Kf5 59.Bd8 f6 60.Kh2 Bg2 61.Kg3 g5  0-1

[Event "22nd Voivoda Cup"]
[Site "Legnica POL"]
[Date "2006.12.07"]
[Round "1"]
[White "Szelag,M"]
[Black "Savchenko,S"]
[Result "1/2-1/2"]
[WhiteElo "2472"]
[BlackElo "2532"]

1.e4 c5 2.Nf3 d6 3.d4 cxd4 4.Nxd4 Nf6 5.Nc3 a6 6.Be3 e5 7.Nb3 Be6 8.f3 Nbd7
9.g4 Nb6 10.Qd2 d5 11.Bxb6 Qxb6 12.Nxd5 Bxd5 13.exd5 Rd8 14.O-O-O Bb4 15.c3 Rxd5
16.Bd3 Be7 17.g5 Nd7 18.h4 g6 19.Qe2 Qc7 20.Kb1 h5 21.c4 Rd6 22.c5 Rd5 23.Rc1 Nxc5
24.Be4 Rd7 25.Nxc5 Bxc5 26.Qc4 Bb6 27.Qa4 Qd8 28.Bxb7 O-O 29.Rc8 Qe7 30.Rxf8+ Kxf8
31.Be4 Rd2 32.Rd1 Rxd1+ 33.Qxd1  1/2-1/2

[Event "ch-ROM"]
[Site "Predeal ROM"]
[Date "2006.12.07"]
[Round "11"]
[White "Cioara,A"]
[Black "Daianu,C"]
[Result "1-0"]
[WhiteElo "2419"]
[BlackElo "2133"]

1.e4 c5 2.Nf3 d6 3.d4 cxd4 4.Nxd4 Nf6 5.Nc3 a6 6.Be3 e5 7.Nf3 Qc7 8.a4 Be6
9.Ng5 Bc4 10.Bxc4 Qxc4 11.a5 Nbd7 12.Ra4 Qc7 13.O-O Be7 14.Nf3 O-O 15.Nd2 Rac8
16.Nc4 Qc6 17.f3 Rfd8 18.Bb6 Re8 19.Kh1 Bf8 20.Rf2 Nh5 21.Be3 Re6 22.Rb4 Rg6
23.Nd5 Nhf6 24.Ncb6 Nxb6 25.Nxb6 Rd8 26.Rd2 d5 27.exd5 Nxd5 28.Nxd5 Rxd5
29.Rxd5 Bxb4 30.Rd8+  1-0

[Event "Polyarniy Krug"]
[Site "Salekhard RUS"]
[Date "2006.12.07"]
[Round "9"]
[White "Geller,J"]
[Black "Bocharov,D"]
[Result "1-0"]
[WhiteElo "2501"]
[BlackElo "2577"]

1.e4 c5 2.Nf3 d6 3.d4 cxd4 4.Nxd4 Nf6 5.Nc3 a6 6.Be3 e6 7.a4 b6 8.Bd3 Bb7
9.O-O Nbd7 10.f4 Rc8 11.Bd2 Be7 12.Qf3 O-O 13.Qh3 Nc5 14.Rae1 Qd7 15.Re3 d5
16.e5 Nfe4 17.f5 Bg5 18.f6 Bxe3+ 19.Bxe3 gxf6 20.exf6 Kh8 21.Rf4 Nxf6 22.Rxf6 Ne4
23.Rh6 f6 24.Nxe6 Rfe8 25.Bxe4 dxe4 26.Bd4 Rxe6 27.Bxf6+ Kg8 28.Rg6+  1-0

[Event "ch-RUS w"]
[Site "Gorodets RUS"]
[Date "2006.12.08"]
[Round "7"]
[White "Korbut,E"]
[Black "Komiagina,M"]
[Result "1-0"]
[WhiteElo "2435"]
[BlackElo "2326"]

1.e4 c5 2.Nf3 d6 3.d4 cxd4 4.Nxd4 Nf6 5.Nc3 a6 6.Be3 e6 7.g4 h6 8.Bg2 Nc6
9.h3 Be7 10.Qe2 g5 11.O-O-O Ne5 12.Nf3 Qc7 13.Nxe5 dxe5 14.f3 Bd7 15.Qf2 b5
16.Kb1 Rc8 17.Rc1 b4 18.Nd1 Qb7 19.h4 Rg8 20.hxg5 hxg5 21.Qg3 Qb8 22.Nf2 Bb5
23.Rh6 Nd7 24.Qh2 Nf8 25.Rh8 Rxh8 26.Qxh8 Be2 27.Qh5 Rc3 28.Bxg5 Bc5 29.Nd3 b3
30.Nxc5 bxc2+ 31.Rxc2 Rxc2 32.Kxc2 Qb5 33.Be3 Nd7 34.Qh8+ Ke7 35.Qc8 Qc4+
36.Kd2 Nf6 37.b3  1-0

[Event "22nd Voivoda Cup"]
[Site "Legnica POL"]
[Date "2006.12.08"]
[Round "2"]
[White "Owczarzak,J"]
[Black "Savchenko,S"]
[Result "0-1"]
[WhiteElo "2387"]
[BlackElo "2532"]

1.e4 c5 2.Nf3 d6 3.d4 cxd4 4.Nxd4 Nf6 5.Nc3 a6 6.Be3 e5 7.Nb3 Be6 8.f3 Nbd7
9.g4 Nb6 10.g5 Nh5 11.Qd2 Be7 12.O-O-O O-O 13.Kb1 Rc8 14.Rg1 Qc7 15.Qf2 Nc4
16.Bxc4 Qxc4 17.Nd5 Bxd5 18.Rxd5 f5 19.gxf6 Nxf6 20.Qg2 Rf7 21.Rd3 Qe6  0-1

[Event "ch-RUS w"]
[Site "Gorodets RUS"]
[Date "2006.12.09"]
[Round "8"]
[White "Kovalevskaya,E"]
[Black "Bodnaruk,A"]
[Result "1/2-1/2"]
[WhiteElo "2434"]
[BlackElo "2255"]

1.e4 c5 2.Nf3 d6 3.d4 cxd4 4.Nxd4 Nf6 5.Nc3 a6 6.Be3 e5 7.Nde2 Be7 8.Ng3 Be6
9.Be2 O-O 10.O-O Qc7 11.Qd2 Rc8 12.Kh1 Nbd7 13.f4 b5 14.a3 Nb6 15.fxe5 dxe5
16.Nf5 Bxf5 17.Rxf5 b4 18.axb4 Bxb4 19.Bxb6 Qxb6 20.Nd5 Nxd5 21.Qxd5 Ra7
22.c3 g6 23.Rff1 Bf8 24.Bc4 Rcc7 25.b3 Qc5 26.Ra5 Qxd5 27.exd5 Bg7 28.Rxa6 Rxa6
29.Bxa6 Rxc3 30.Bc4 Bf8 31.g4 Be7 32.g5 Bxg5 33.d6 Rc1 34.Bxf7+ Kf8 35.Bc4+ Rxf1+
36.Bxf1 Kf7 37.Bc4+ Kf6 38.Kg2 Kf5 39.b4 Bd8 40.Bd5 Kf4 41.Kf2 e4 42.d7 Bb6+
43.Ke2 g5 44.Bf7 g4 45.b5 Kg5 46.Bd5 Kf4 47.Bf7 Kg5 48.Bd5 e3 49.Bg2 Kf4
50.Bd5 h5 51.Bf7 h4 52.Bd5 Ba5 53.Be6 h3 54.Bd5 Bb6 55.Be6 Bc7 56.Bd5 Bb6
57.Bb7 Bd8 58.Kd3 Bb6 59.Bd5 Bd8 60.Ke2 Bb6 61.Be6 Bd8 62.Bxg4 Kxg4 63.Kxe3 Kf5
64.Kf3 Bc7 65.d8=Q Bxd8 66.Kg3 Ke4 67.Kxh3 Kf3 68.b6 Bxb6 69.Kh4 Kf4 70.Kh5 Kf5
71.Kh6 Bd4 72.h4 Bf6 73.h5 Be5 74.Kh7 Ke4  1/2-1/2

[Event "22nd Voivoda Cup"]
[Site "Legnica POL"]
[Date "2006.12.10"]
[Round "4"]
[White "Zeberski,J"]
[Black "Szelag,M"]
[Result "0-1"]
[WhiteElo "2420"]
[BlackElo "2472"]

1.e4 c5 2.Nf3 d6 3.d4 cxd4 4.Nxd4 Nf6 5.Nc3 a6 6.Be3 e5 7.Nf3 Be7 8.Bc4 Be6
9.Bxe6 fxe6 10.Ng5 Qd7 11.Qf3 h6 12.Qh3 Rg8 13.Nxe6 Kf7 14.Nd5 Nc6 15.Nxf6 Bxf6
16.Ng5+ Ke7 17.Qxd7+ Kxd7 18.Nf3 Rac8 19.O-O-O Ke6 20.Rd2 Nb8 21.Rhd1 Be7
22.b3 Nd7 23.Ne1 Nf6 24.f3 Rc3 25.Rd3 Rc6 26.Kb2 g5 27.g4 b5 28.c3 Rd8 29.Nc2 d5
30.Bf2 Rcc8 31.exd5+ Rxd5 32.Ne3 Rxd3 33.Rxd3 Bc5 34.Bg3 h5 35.b4 e4 36.fxe4 Bxe3
37.Rxe3 h4 38.Be1 Nxg4 39.Re2 Ne5 40.Kb3 Rf8 41.a4 Rf1 42.axb5 axb5 43.Bd2 Nf3
44.Be3 Rb1+ 45.Kc2 Rh1 46.c4 bxc4 47.b5 g4 48.b6 Kd7 49.Kc3 Kc6 50.Rg2 Re1
51.Bc5 Kxc5 52.b7 Re3+ 53.Kc2 Rb3 54.Rxg4 Rxb7  0-1

[Event "ch-RUS w"]
[Site "Gorodets RUS"]
[Date "2006.12.11"]
[Round "10"]
[White "Kosintseva,T"]
[Black "Bodnaruk,A"]
[Result "1-0"]
[WhiteElo "2458"]
[BlackElo "2255"]

1.e4 c5 2.Nf3 d6 3.d4 cxd4 4.Nxd4 Nf6 5.Nc3 a6 6.Be3 e5 7.Nf3 Be7 8.Bc4 h6
9.O-O O-O 10.Qe2 Nc6 11.Rfd1 Be6 12.Nh4 Kh7 13.Nf5 Rc8 14.Nd5 Nxd5 15.Bxd5 Nb4
16.Qg4 Bxf5 17.Qxf5+ g6 18.Qh3 Bg5 19.Bxg5 Qxg5 20.c3 Nxd5 21.Rxd5 Rcd8 22.Qd3 f5
23.exf5 Rxf5 24.Rxd6 Rxd6 25.Qxd6 Qf4 26.Qb6 Rf7 27.Rd1 Qa4 28.Qb3 Qf4 29.Qc2 e4
30.Qd2 Qf5 31.h3 Re7 32.Qd6 Qf7 33.Qd5 Qf8 34.Re1 Qe8 35.Re3 Qa4 36.f3 Qc2
37.Rxe4 Rg7 38.Qb3 Qc1+ 39.Kh2 h5 40.Qb6 Qc2 41.Re8 Qf5 42.Qd4 Qf7 43.Qd8 Qc7+
44.Qxc7 Rxc7 45.Kg3 Rd7 46.c4 Kh6 47.Re2 Kg5 48.h4+ Kf5 49.b3 b5 50.c5 b4
51.Re4 Rc7 52.Rc4 Rc6 53.Kf2 a5 54.g4+ hxg4 55.fxg4+ Ke5 56.Kg3 Kd5 57.Rc1 Ke4
58.Rc4+ Ke5 59.Kf3 Rf6+ 60.Ke3 Rc6 61.Rc1 Kd5 62.Kf4 Kd4 63.Kg5 Ke5 64.h5 gxh5
65.gxh5 Ke6 66.h6 Kf7 67.h7 Kg7 68.Kf5 Kxh7 69.Ke5 Rg6 70.c6 Rg5+ 71.Ke4  1-0

[Event "Levikov Mem"]
[Site "Lviv UKR"]
[Date "2006.12.11"]
[Round "5"]
[White "Erdogdu,M"]
[Black "Zherebukh,Y"]
[Result "1-0"]
[WhiteElo "2383"]
[BlackElo "2321"]

1.e4 c5 2.Nf3 d6 3.d4 Nf6 4.Nc3 cxd4 5.Nxd4 a6 6.Be3 e6 7.f3 b5 8.Qd2 Nbd7
9.g4 Nb6 10.a4 Nc4 11.Bxc4 bxc4 12.a5 Bb7 13.Na4 d5 14.e5 Nd7 15.f4 Qh4+
16.Bf2 Qxg4 17.Rg1 Qh5 18.Rg5 Qxh2 19.O-O-O g6 20.Rgg1 Qh6 21.Rh1 Qg7 22.Bh4 Rc8
23.f5 gxf5 24.Rdg1 Qxe5 25.Re1 Qc7 26.Qg5 Ne5 27.Qf6 Ng6 28.Nxe6 fxe6 29.Rxe6+ Be7
30.Rhe1 Kd8 31.Rxe7 Nxe7 32.Qxh8+  1-0

[Event "V Ilijas Subasic Mem"]
[Site "Zenica BIH"]
[Date "2006.12.13"]
[Round "6"]
[White "Stojanovic,Da"]
[Black "Terzic,S"]
[Result "1-0"]
[WhiteElo "2469"]
[BlackElo "2295"]

1.e4 c5 2.Nf3 d6 3.d4 cxd4 4.Nxd4 Nf6 5.Nc3 a6 6.Be3 e5 7.Nb3 Be6 8.f3 Nbd7
9.Qd2 b5 10.O-O-O Be7 11.g4 O-O 12.g5 Nh5 13.Nd5 Bxd5 14.exd5 Nb6 15.Na5 Na4
16.Nc6 Qc7 17.Bh3 f5 18.gxf6 Bxf6 19.b3 Nc5 20.Bf5 a5 21.Be4 Qb6 22.Kb1 b4
23.Rc1 Nf4 24.c3 Nxe4 25.fxe4 bxc3 26.Rxc3 Qa6 27.Rc4 Bd8 28.Rhc1 Qb5 29.Ka1 h6
30.Qc2 Bg5 31.a4 Qb7 32.Re1 Nh3 33.Bxg5 Nxg5 34.Rb1 Rf3 35.h4 Nh3 36.Rc3 Rf2
37.Qd1 Nf4 38.Rb2 Rxb2 39.Kxb2 Qb6 40.Qd2 Qg1 41.Ne7+ Kh7 42.Nf5 Rf8 43.Rc7 Qf1
44.Rxg7+ Kh8 45.Rg3 Qa6 46.Ne7 Kh7 47.Nf5 Rf7 48.h5 Rb7 49.Rg6 Qf1 50.Rxh6+ Kg8
51.Rg6+ Nxg6 52.hxg6 Rc7 53.Nxd6 Qf4 54.Nc4 Qxe4 55.d6 Rd7 56.Qxa5 Qd4+ 57.Qc3 Qf2+
58.Ka3 Qd4 59.Qxd4 exd4 60.Kb2 Kg7 61.Kc2 Rb7 62.Na5 Rb6 63.Nc4 Rb7 64.a5 Kxg6
65.d7  1-0

[Event "GM Multicoms"]
[Site "Paris FRA"]
[Date "2006.12.14"]
[Round "2"]
[White "Draoui,N"]
[Black "Le Roux,JP"]
[Result "0-1"]
[WhiteElo "2416"]
[BlackElo "2494"]

1.e4 c5 2.Nf3 d6 3.d4 cxd4 4.Nxd4 Nf6 5.Nc3 a6 6.Be3 e5 7.Nb3 Be6 8.f3 Be7
9.Qd2 Nbd7 10.g4 O-O 11.g5 Nh5 12.O-O-O b5 13.Nd5 Bxd5 14.exd5 b4 15.Rg1 a5
16.Kb1 a4 17.Nc1 Qb8 18.Nd3 b3 19.cxb3 axb3 20.a3 Bd8 21.Qb4 Bb6 22.Bxb6 Qxb6
23.Qxb6 Nxb6 24.Nb4 Nf4 25.Bb5 g6 26.Bc6 Ra5 27.Rge1 Ng2 28.Re2 Nh4 29.Re3 f6
30.Rxb3 fxg5 31.Na2 Nc4 32.Rc3 Rf4 33.Rdd3 g4 34.fxg4 Rxg4 35.b4 Ra7 36.Bb5 e4
37.Rg3 Rxg3 38.hxg3 Nxa3+ 39.Rxa3 Rxa3 40.gxh4 Kf7 41.Kb2 Rh3 42.Nc3 e3 43.Be2 Rxh4
44.b5 Ke7 45.Kc2 Rb4 46.Kd3 h5 47.Kxe3 Kf6 48.Bd3 h4 49.Ne4+ Ke5 50.Ng5 Kxd5
51.Be4+ Kc5 52.Bxg6 Kxb5 53.Bd3+ Kc6 54.Nf3 Kc5 55.Be2 d5 56.Kf2 Rg4 57.Bf1 Kb4
58.Bh3 Re4 59.Bf5 Rf4 60.Bh3 Kc3 61.Bf1 d4 62.Ke2 Re4+ 63.Kf2 d3 64.Kg2 Rf4
65.Bxd3 Kxd3 66.Ne5+ Ke4 67.Nc4 Kf5 68.Ne3+ Kg5 69.Nf1 h3+ 70.Kg1 Kg4 71.Kh2 Rf2+
72.Kg1 Rg2+ 73.Kh1 Kf3 74.Nh2+ Ke2 75.Nf3 Kf2 76.Nd2 Ke3 77.Nf3 Kf2 78.Nd2 Kg3
79.Nf1+ Kf4 80.Ne3 Rf2 81.Nd5+ Kg3 82.Ne3 Rf3  0-1

[Event "GM Multicoms"]
[Site "Paris FRA"]
[Date "2006.12.15"]
[Round "3"]
[White "Guliyev,N"]
[Black "Bellaiche,A"]
[Result "1-0"]
[WhiteElo "2542"]
[BlackElo "2472"]

1.e4 c5 2.Nf3 d6 3.d4 cxd4 4.Nxd4 Nf6 5.Nc3 a6 6.Be3 e6 7.f3 b5 8.Qd2 b4
9.Na4 Nbd7 10.c4 bxc3 11.Nxc3 Bb7 12.Be2 d5 13.exd5 Nxd5 14.Nxd5 Bxd5 15.O-O Qb8
16.Rac1 Bb4 17.Qc2 Qe5 18.Bf2 Bd6 19.g3 O-O 20.a3 Qf6 21.b4 h5 22.f4 h4 23.Bf3 Nb6
24.Nxe6 Qxe6 25.Bxb6 Bxf3 26.Rxf3 Bxb4 27.Bc7 Qg4 28.Re3 Rfe8 29.Rxe8+ Rxe8
30.axb4 hxg3 31.Qg2 gxh2+ 32.Kh1 Qh4 33.Be5 f6 34.Qc6 Qh5 35.Bd4 Re2 36.Rf1 Kh7
37.Qf3 Qb5 38.Rc1 Qe8 39.Qh3+ Kg6 40.f5+ Kg5 41.Qg3+ Kh5 42.Bf2 Qe4+ 43.Kxh2 Qg4
44.Kg2 Kg5 45.Rc7 Qxg3+ 46.Kxg3 Kxf5 47.Rxg7 Rc2 48.Ra7 Rc4 49.Bc5 Rc3+ 50.Kf2 Ra3
51.Bb6 Ke4 52.Ba5 Ra2+ 53.Ke1 f5 54.Rxa6 Rb2 55.Re6+ Kf3 56.Kd1 f4 57.Kc1 Ra2
58.Kb1 Rd2 59.Bc7 Rd7 60.Rc6 Ke4 61.Kc2 f3 62.Bb6 Rh7 63.Rf6 Rh3 64.Bc5  1-0

[Event "6th Amplico AIG Life"]
[Site "Warsaw POL"]
[Date "2006.12.16"]
[Round "2"]
[White "Rudnicki,M"]
[Black "Bobras,P"]
[Result "0-1"]
[WhiteElo "2175"]
[BlackElo "2527"]

1.e4 c5 2.Nf3 d6 3.d4 cxd4 4.Nxd4 Nf6 5.Nc3 a6 6.Be3 e5 7.Nb3 Be6 8.Be2 Be7
9.O-O O-O 10.a4 Nbd7 11.Kh1 Rc8 12.f4 exf4 13.Rxf4 Ne5 14.Nd4 Re8 15.Qe1 Nfd7
16.Qg3 Bg5 17.Rff1 Bxe3 18.Qxe3 Qb6 19.Rab1 Qc5 20.Qd2 Nb6 21.Nf5 Bxf5 22.exf5 Nec4
23.Bxc4 Nxc4 24.Qf4 Ne3 25.Rf3 Qe5 26.Qxe5 Rxe5 27.f6 g6 28.Rf2 d5 29.Rd2 Rc6
30.h3 Rxf6 31.Kg1 h5 32.Re1 Rfe6 33.Rc1 h4 34.b3 Rd6 35.Ne2 Nf5 36.Rcd1 Rc6
37.Nf4 d4 38.Ne2 d3 39.cxd3 Ne3 40.Rb1 Nd5 41.Nd4 Rc3 42.Ne2 Rc6 43.Nd4 Rb6
44.Nf3 Re3 45.Kf2 Ree6 46.Nxh4 Nc3 47.Rbb2 Rb4 48.Nf3 Reb6 49.Rdc2 Nd1+ 50.Ke2 Nxb2
51.Rxb2 Rxb3 52.Rc2 Rb2 53.Kd2 Rxc2+ 54.Kxc2 Rb4 55.d4 Rxa4 56.Kc3 Ra3+ 57.Kc4 Kf8
58.Kc5 Ke7 59.Ne5 Ra5+ 60.Kc4 Rxe5 61.dxe5 Ke6 62.Kd4 a5 63.h4 a4 64.g4 b5
65.h5 gxh5 66.gxh5 a3  0-1

[Event "6th Amplico AIG Life"]
[Site "Warsaw POL"]
[Date "2006.12.16"]
[Round "3"]
[White "Jaracz,B"]
[Black "Hunt,A"]
[Result "0-1"]
[WhiteElo "2267"]
[BlackElo "2462"]

1.e4 c5 2.Nf3 d6 3.d4 cxd4 4.Nxd4 Nf6 5.Nc3 a6 6.Be3 e5 7.Nb3 Be6 8.f3 Nbd7
9.Qd2 b5 10.O-O-O Be7 11.g4 Nb6 12.g5 Nfd7 13.Na5 Qc7 14.Nd5 Bxd5 15.exd5 Rc8
16.Kb1 Nxd5 17.Qxd5 Qxa5 18.c4 O-O 19.cxb5 axb5 20.Qxb5 Qc7 21.Bd3 Rb8 22.Qd5 Nb6
23.Qe4 g6 24.Rc1 Qd7 25.Bxb6 Rxb6 26.h4 Rfb8 27.Rc2 Rb4 28.Bc4 Qf5 29.h5 Qxg5
30.hxg6 hxg6 31.f4 Qf6 32.Rch2 Bf8 33.Rh8+ Qxh8 34.Rxh8+ Kxh8 35.fxe5 Rxb2+
36.Ka1 Bg7  0-1

[Event "6th Amplico AIG Life"]
[Site "Warsaw POL"]
[Date "2006.12.16"]
[Round "5"]
[White "Socko,B"]
[Black "Zagorskis,D"]
[Result "1-0"]
[WhiteElo "2630"]
[BlackElo "2468"]

1.e4 c5 2.Nf3 d6 3.d4 cxd4 4.Nxd4 Nf6 5.Nc3 a6 6.Be3 e5 7.Nf3 Be7 8.Bc4 O-O
9.O-O Be6 10.Qd3 Qc7 11.Bxe6 fxe6 12.Ng5 Qd7 13.Rad1 h6 14.Nh3 Nc6 15.f4 Ng4
16.Bc1 exf4 17.Nxf4 Nge5 18.Qe2 b5 19.a3 Rf6 20.Nh5 Rxf1+ 21.Rxf1 Rf8 22.b3 Rxf1+
23.Qxf1 d5 24.exd5 exd5 25.Nf4 d4 26.Ne4 Qf5 27.Qe2 Bg5 28.Nxg5 hxg5 29.Nd3 Nxd3
30.cxd3 Ne5 31.Qe4 Qxe4 32.dxe4 Nd3 33.Bxg5 Nc5 34.Kf1 Nxb3 35.Ke2 Nc5 36.Be7 Nxe4
37.Kd3 Kf7 38.Bb4 Nf2+ 39.Kxd4 Ke6 40.Kc5 Nd3+ 41.Kb6 Kd5 42.Kxa6 Kc6 43.Be7 g6
44.Ka5 Nf4 45.g3 Nd5 46.Bg5 Kc5 47.h4 Kc6 48.g4 Nc7 49.h5 gxh5 50.gxh5 Ne6
51.Be7 Kd7 52.h6 Nf4 53.h7 Ng6 54.Bf6 Kc6 55.Bd4  1-0

[Event "Bykova Mem"]
[Site "Vladimir RUS"]
[Date "2006.12.17"]
[Round "4"]
[White "Zakurdjaeva,I"]
[Black "Paehtz,E"]
[Result "0-1"]
[WhiteElo "2296"]
[BlackElo "2449"]

1.e4 c5 2.Nf3 d6 3.d4 cxd4 4.Nxd4 Nf6 5.Nc3 a6 6.Be3 e6 7.Be2 Qc7 8.O-O b5
9.a3 Bb7 10.f4 Nbd7 11.Bf3 Be7 12.Qe1 Nc5 13.Qg3 O-O 14.f5 e5 15.Nb3 Ncd7
16.Qf2 Rfe8 17.g4 h6 18.Rad1 Bf8 19.g5 hxg5 20.Bxg5 Rac8 21.Rd3 d5 22.Qh4 Qb6+
23.Kh1 dxe4 24.Nxe4 Bxe4 25.Bxe4 Nxe4 26.Qxe4 Rc4 27.Qg2 Nf6 28.c3 Rg4 29.Rg3 Rxg3
30.Qxg3 Ne4 31.Qg2 Nxg5 32.Qxg5 a5 33.f6 Re6 34.fxg7 Bxg7 35.Rd1 Rf6 36.Qg2 Rf2
37.Qa8+ Kh7 38.Qe4+ f5 39.Qh4+ Kg6 40.Nxa5 Rf4 41.Qe7 Kh7 42.Rg1 Qh6 43.Qg5 Qxg5
44.Rxg5 Bh6 45.Rg2 Re4 46.Kg1 Re1+ 47.Kf2 Rb1 48.Kg3 e4 49.Kh4 Rf1 50.Nc6 Bg7
51.Kh5 e3  0-1

[Event "13th Open A"]
[Site "Zadar CRO"]
[Date "2006.12.17"]
[Round "9"]
[White "Sakelsek,T"]
[Black "Fercec,N"]
[Result "1/2-1/2"]
[WhiteElo "2468"]
[BlackElo "2504"]

1.e4 c5 2.Nf3 d6 3.d4 cxd4 4.Nxd4 Nf6 5.Nc3 a6 6.Be3 e5 7.Nde2 Be7 8.Ng3 h5
9.Bc4 g6 10.Qd3 Be6 11.Nd5 Bxd5 12.Bxd5 Nxd5 13.Qxd5 Qc7 14.Ne2 Nd7 15.Nc3 Rc8
16.Qd3 Qc4 17.O-O-O Qe6 18.f3 O-O 19.Nd5 Rc6 20.Kb1 b5 21.c3 Rfc8 22.Nb4 Rc4
23.Nd5 Bf8 24.Rc1 Rb8 25.Rhd1 Rcc8 26.g3 a5 27.f4 exf4 28.gxf4 Rc4 29.Bd4 Nc5
30.Nf6+ Qxf6 31.Qxc4 Qxf4 32.Qd5 Qxe4+ 33.Qxe4 Nxe4 34.Be3 f5 35.c4 bxc4
36.Rxc4 Bg7 37.Bd4 Bxd4 38.Rdxd4 Kf7 39.Kc2 Ke6 40.Ra4 Rb5 41.b4 axb4 42.Raxb4 Ra5
43.Ra4 Rb5 44.Rab4 Ra5 45.Ra4 Rb5 46.Rab4  1/2-1/2

[Event "44th National A ch-IND"]
[Site "Atul IND"]
[Date "2006.12.19"]
[Round "2"]
[White "Swathi,G"]
[Black "Sundararajan,K"]
[Result "1/2-1/2"]
[WhiteElo "2385"]
[BlackElo "2451"]

1.e4 c5 2.Nf3 d6 3.d4 cxd4 4.Nxd4 Nf6 5.Nc3 a6 6.Be3 e6 7.Be2 Qc7 8.a4 b6
9.f4 Bb7 10.Bf3 Nbd7 11.Qe2 Be7 12.O-O O-O 13.Rae1 Rfe8 14.Nb3 Rac8 15.Qf2 e5
16.Rd1 Bc6 17.g4 exf4 18.Bxf4 Bf8 19.Bg5 h6 20.Bh4 b5 21.axb5 axb5 22.Nd4 b4
23.Nd5 Bxd5 24.exd5 Nh7 25.h3 Ng5 26.Bg2 Ne5 27.Bg3 Nc4 28.Ra1 Nxb2 29.Nc6 Nc4
30.Ra7 Qb6 31.Qxb6 Nxb6 32.Rf4 Nxh3+ 33.Bxh3 Nxd5 34.Rfxf7 Rxc6 35.Bg2 Rc5
36.Bxd6 Bxd6 37.Rxg7+  1/2-1/2

[Event "Sub-Zt 2.3.4"]
[Site "Bogota COL"]
[Date "2006.12.19"]
[Round "2"]
[White "Sanchez,V"]
[Black "Mateus,A"]
[Result "1-0"]
[WhiteElo "2267"]
[BlackElo "2042"]

1.e4 c5 2.Nf3 d6 3.d4 cxd4 4.Nxd4 Nf6 5.Nc3 a6 6.Be3 e5 7.Nde2 Be6 8.f4 Qc7
9.f5 Bc4 10.Ng3 b5 11.a4 b4 12.Bxc4 Qxc4 13.Nd5 Nxd5 14.Qxd5 Qxd5 15.exd5 Nd7
16.Ne4 Rc8 17.Kd2 a5 18.Rhc1 g6 19.f6 Rc4 20.Kd3 Rxe4 21.Kxe4 Nxf6+ 22.Kd3 Nxd5
23.Bd2 Bg7 24.c3 bxc3 25.bxc3 Nc7 26.Rab1 Kd7 27.c4 Kc6 28.Bxa5 Ne6 29.Rb6+ Kc5
30.Rcb1 Nf4+ 31.Kc2 Nxg2 32.Bd2 e4 33.R1b5+  1-0

[Event "44th National A ch-IND"]
[Site "Atul IND"]
[Date "2006.12.22"]
[Round "6"]
[White "Rohit,G"]
[Black "Karavade,E"]
[Result "1-0"]
[WhiteElo "2393"]
[BlackElo "2321"]

1.e4 c5 2.Nf3 d6 3.d4 cxd4 4.Nxd4 Nf6 5.Nc3 a6 6.Be3 e5 7.Nb3 Be6 8.f3 Be7
9.Qd2 O-O 10.O-O-O Nbd7 11.g4 b5 12.g5 b4 13.Ne2 Ne8 14.f4 a5 15.f5 a4 16.Nbd4 exd4
17.Nxd4 b3 18.Kb1 bxc2+ 19.Nxc2 Bb3 20.axb3 axb3 21.Na3 Ne5 22.h4 Ra4 23.Qg2 Qa8
24.f6 Bd8 25.Bd4 Nc7 26.fxg7 Kxg7 27.Bc4 Ne6 28.Bd5 Qc8 29.Rc1 Qa6 30.Bxe5+ dxe5
31.Qg3 Nf4 32.Qxb3 Be7 33.Rc6 Qa7 34.Rc7 Qxc7 35.Qxa4 Rc8 36.Nb5 Qb6 37.Rd1 Rc5
38.Bc4 Qc6 39.Bf1 Ne6 40.Nc3 Rxc3 41.Bb5 Qc5 42.bxc3 Qxc3 43.Qc4 Qg3 44.Bd7 Nd4
45.Rf1 f6 46.gxf6+ Bxf6 47.Be8 Qb3+ 48.Qxb3 Nxb3 49.Kc2 Nd4+ 50.Kd3 Bxh4
51.Rf7+ Kg8 52.Kc4 Ne6 53.Rf5 Ng7 54.Bf7+ Kf8 55.Rf1 Ke7 56.Bg8 Bf6 57.Bxh7 Ne6
58.Bf5 Nf4 59.Kc5 Ne2 60.Ra1 Nd4 61.Ra7+ Kf8 62.Kd5 Kg8 63.Rb7 Kh8 64.Bg6 Kg8
65.Kd6 Bg7 66.Rb8+ Bf8+ 67.Kd5 Kg7 68.Bh5 Ba3 69.Ra8  1-0

[Event "Sub-Zt 2.3.4"]
[Site "Bogota COL"]
[Date "2006.12.22"]
[Round "9"]
[White "Guerrero,JuC"]
[Black "Perez Olarte,C"]
[Result "1/2-1/2"]
[WhiteElo "2073"]
[BlackElo "1960"]

1.e4 c5 2.Nf3 d6 3.d4 cxd4 4.Nxd4 Nf6 5.Nc3 a6 6.Be3 e5 7.Nb3 Be6 8.Nd2 Qc7
9.Be2 Be7 10.O-O O-O 11.a3 b5 12.f4 exf4 13.Bxf4 Nbd7 14.Bf3 Ne5 15.Nd5 Bxd5
16.exd5 Rac8 17.c3 Rfd8  1/2-1/2

[Event "44th National A ch-IND"]
[Site "Atul IND"]
[Date "2006.12.23"]
[Round "7"]
[White "Konguvel,P"]
[Black "Suvrajit,S"]
[Result "0-1"]
[WhiteElo "2407"]
[BlackElo "2356"]

1.e4 c5 2.Nf3 d6 3.d4 cxd4 4.Nxd4 Nf6 5.Nc3 a6 6.Be3 e5 7.Nb3 Be6 8.f3 Be7
9.Qd2 O-O 10.O-O-O Nbd7 11.g4 b5 12.g5 Nh5 13.Nd5 Bxd5 14.exd5 f5 15.gxf6 Rxf6
16.Na5 Nf4 17.Nc6 Qf8 18.Kb1 Bd8 19.c4 bxc4 20.Bxc4 Bb6 21.Bxb6 Nxb6 22.Bb3 Ng6
23.h4 Rxf3 24.h5 Nf4 25.h6 g6 26.Qa5 Nd7 27.Qc7 Nf6 28.Rhe1 Kh8 29.Nxe5 dxe5
30.Qxe5 Rd8 31.Bc4 Nh5 32.d6 Qxh6 33.d7 Qf8 34.Qc7 Nxd7 35.Be6 Nhf6 36.Qc6 Ne5
37.Qxa6 Rfd3 38.Rxd3 Nxd3 39.Rf1 Nc5 40.Qc4 Nce4  0-1

[Event "44th National A ch-IND"]
[Site "Atul IND"]
[Date "2006.12.24"]
[Round "8"]
[White "Aswin,J"]
[Black "Konguvel,P"]
[Result "1-0"]
[WhiteElo "2322"]
[BlackElo "2407"]

1.e4 c5 2.Nf3 d6 3.d4 cxd4 4.Nxd4 Nf6 5.Nc3 a6 6.Be3 e6 7.f3 b5 8.Qd2 b4
9.Na4 Nbd7 10.Bc4 Ne5 11.Bb3 Bd7 12.c3 d5 13.Bf4 Ng6 14.exd5 e5 15.Bg3 exd4
16.O-O Qa5 17.Rfe1+ Kd8 18.d6 Bxa4 19.cxb4 Qb5 20.Bxa4 Qxa4 21.Qxd4 Qb5 22.Rac1 Nd7
23.Qe4 Nb6 24.Qb7 Bxd6 25.Bxd6 Nd5 26.Bc7+ Kd7 27.Bb6+  1-0

[Event "44th National A ch-IND"]
[Site "Atul IND"]
[Date "2006.12.24"]
[Round "8"]
[White "Rohit,G"]
[Black "Sundararajan,K"]
[Result "1-0"]
[WhiteElo "2393"]
[BlackElo "2451"]

1.e4 c5 2.Nf3 d6 3.d4 cxd4 4.Nxd4 Nf6 5.Nc3 a6 6.Be3 e6 7.g4 h6 8.Bg2 Nc6
9.h3 Ne5 10.Qe2 g5 11.O-O-O Bd7 12.f4 gxf4 13.Bxf4 Qc7 14.Rhf1 Be7 15.Nf3 Bc6
16.Nxe5 dxe5 17.Be3 Nd7 18.Qf2 Rh7 19.Kb1 Bg5 20.Rd3 Bxe3 21.Qxe3 Qb6 22.Qg3 O-O-O
23.Rfd1 Rhh8 24.a3 f6 25.Rd6 Nc5 26.Qf2 Rxd6 27.Rxd6 Kc7 28.Qd2 Rh7 29.Bf1 Rd7
30.Rxd7+ Nxd7 31.Bd3 Qg1+ 32.Ka2 h5 33.gxh5 Qg3 34.Qh6 Kd8 35.Bc4 Qg8 36.Qg6 Qxg6
37.hxg6 Ke7 38.h4 b5 39.Bd3 Nc5 40.h5 Be8 41.b4 Nxd3 42.cxd3 Kf8 43.Kb3 Kg7
44.a4 Kh6 45.axb5 axb5 46.Kc2 f5 47.Kd2 f4 48.Ke2 Bc6 49.Kf3 Be8 50.Kg4 Bc6
51.Ne2  1-0

[Event "Weihnachtsopen Masters"]
[Site "Zurich SUI"]
[Date "2006.12.26"]
[Round "1"]
[White "Freuler,R"]
[Black "Nemet,I"]
[Result "0-1"]
[WhiteElo "2084"]
[BlackElo "2367"]

1.e4 c5 2.Nf3 d6 3.d4 cxd4 4.Nxd4 Nf6 5.Nc3 a6 6.Be3 e5 7.Nb3 Be7 8.f3 Be6
9.g4 d5 10.g5 d4 11.gxf6 Bxf6 12.Nd5 dxe3 13.Nxf6+ Qxf6 14.Qe2 Qh4+ 15.Kd1 Qh6
16.c3 Nc6 17.Kc2 O-O-O 18.Rd1 Rxd1 19.Qxd1 Rd8 20.Qe1 f5 21.Kb1 Bxb3 22.axb3 Na5
23.b4 Nb3 24.exf5 Nd2+ 25.Kc2 Qc6 26.Bg2 Qa4+ 27.Kc1 Nc4  0-1

[Event "16th North American Open"]
[Site "Las Vegas USA"]
[Date "2006.12.27"]
[Round "3"]
[White "Yanayt,E"]
[Black "Sevillano,E"]
[Result "1-0"]
[WhiteElo "2261"]
[BlackElo "2493"]

1.e4 c5 2.Nf3 d6 3.d4 cxd4 4.Nxd4 Nf6 5.Nc3 a6 6.Be3 e5 7.Nb3 Be6 8.f3 Be7
9.Qd2 O-O 10.O-O-O b5 11.Nd5 Bxd5 12.exd5 Qc7 13.g4 Rc8 14.Kb1 a5 15.Bxb5 a4
16.Na1 Qb7 17.c4 Ne8 18.Qc2 a3 19.Bxe8 Rxe8 20.b3 Nd7 21.Qc3 e4 22.fxe4 Bh4
23.Bd4 Rxe4 24.Bxg7 f6 25.Bh6 Nb6 26.g5 fxg5 27.Qf6 Nxc4 28.Rhf1 Ree8 29.Bxg5 Rf8
30.Qe6+ Kh8 31.Rxf8+ Rxf8 32.Bxh4 Qg7 33.Qe2 Ne3 34.Rc1 Nxd5 35.Be1 h6 36.Qc2 Rf1
37.Qc8+ Kh7 38.Qc2+ Kh8 39.Ba5 Qg1 40.Qc8+ Kg7 41.Rxf1 Qxf1+ 42.Qc1 Qg2 43.Qxa3 Qe4+
44.Nc2 Qh1+ 45.Ne1  1-0